000 00500nam a2200169 i 4500
001 29487
003 ES-MaACL
005 20230906154037.0
007 t|
008 030122s1959 sp ||||1| spa d
100 1 _aBarceló, José R.
_925506
245 1 0 _aDiccionario terminológico de Química /
_cpor José R. Barceló.
250 _a1ª ed.
260 _aBarcelona, etc. :
_bSalvat,
_c[1959] (
_fImp. Hispano-Americana)
300 _aX, 718 p. ;
_c24 cm.
852 _aES-MaACL
_jC-17451
_bR.45386
999 _c29487
_d29487